| 000 | 00682nam a2200217 a 4500 | ||
|---|---|---|---|
| 005 | 20240228063847.0 | ||
| 008 | 031023s1994 mx r 000 0 spa d | ||
| 020 | _a9681644190 | ||
| 035 | _aUPN01000130346 | ||
| 049 | _aI | ||
| 050 | 4 |
_aPZ71 _bS6.4 |
|
| 100 | 1 | _aSmith, Lane | |
| 245 | 1 | 0 |
_aLentes, : _b¿quién los necesita? / _cLane Smith ; tr. Francisco Segovia. |
| 260 |
_aMéxico : _bFCE, _c1994. |
||
| 300 |
_a[29] p. : _bprincipalmente il. col. |
||
| 440 | 4 | _aLos especiales de a la orilla del viento | |
| 534 |
_pTraducción de: _tGlasses : who needs ´em? |
||
| 650 | 4 |
_aCuentos infantiles _96744 |
|
| 650 | 4 |
_aLibros y lectura para niños _92290 |
|
| 905 | _aInfantil | ||
| 999 |
_c102503 _d102503 |
||